Familienunternehmen Hartz IV : Soziale Reproduktion von Armut in Familie und Biografie.

Bibliographic Details
Main Author: Wagner, Dominik
Corporate Author: JSTOR (Organization)
Format: eBook
Language:German
Published: Leverkusen-Opladen : Budrich, Barbara, 2016.
Series:Rekonstruktive Forschung in der sozialen Arbeit.
Subjects:
Online Access:Connect to the full text of this electronic book

MARC

Tag First Indicator Second Indicator Subfields
LEADER 00000cam a2200000Mi 4500
001 in00004635116
006 m o d
007 cr |n|---|||||
008 170408s2016 xx o 000 0 ger d
005 20230103223407.2
035 |a (OCoLC)ocn980823965 
040 |a EBLCP  |b eng  |e pn  |c EBLCP  |d OCLCO  |d YDX  |d OCLCQ  |d DEBBG  |d JSTOR  |d OCLCF  |d OCLCQ  |d OCLCO 
019 |a 980256832  |a 980590416  |a 980799676  |a 981067359  |a 981231739  |a 981658989  |a 981826788 
020 |a 9783847410249  |q (electronic bk.) 
020 |a 3847410245  |q (electronic bk.) 
035 |a (OCoLC)980823965  |z (OCoLC)980256832  |z (OCoLC)980590416  |z (OCoLC)980799676  |z (OCoLC)981067359  |z (OCoLC)981231739  |z (OCoLC)981658989  |z (OCoLC)981826788 
037 |a 22573/ctvdcr6fm  |b JSTOR 
043 |a e-gx--- 
050 4 |a HC290.5.P6 
082 0 4 |a 362.5094  |2 23 
049 |a TXAM 
100 1 |a Wagner, Dominik. 
245 1 0 |a Familienunternehmen Hartz IV :  |b Soziale Reproduktion von Armut in Familie und Biografie. 
260 |a Leverkusen-Opladen :  |b Budrich, Barbara,  |c 2016. 
300 |a 1 online resource (340 pages) 
336 |a text  |b txt  |2 rdacontent 
337 |a computer  |b c  |2 rdamedia 
338 |a online resource  |b cr  |2 rdacarrier 
490 1 |a Rekonstruktive Forschung in der Sozialen Arbeit ;  |v v. 19 
588 0 |a Print version record. 
650 0 |a Poverty  |z Germany. 
650 0 |a Poor families  |z Germany. 
650 6 |a Pauvreté  |z Allemagne. 
650 6 |a Familles pauvres  |z Allemagne. 
650 7 |a Poor families.  |2 fast  |0 (OCoLC)fst01071206 
650 7 |a Poverty.  |2 fast  |0 (OCoLC)fst01074093 
651 7 |a Germany.  |2 fast  |0 (OCoLC)fst01210272 
655 7 |a Electronic books.  |2 local 
710 2 |a JSTOR (Organization) 
776 0 8 |i Print version:  |a Wagner, Dominik.  |t Familienunternehmen Hartz IV : Soziale Reproduktion von Armut in Familie und Biografie.  |d Leverkusen-Opladen : Budrich, Barbara, ©2016  |z 9783847420422 
830 0 |a Rekonstruktive Forschung in der sozialen Arbeit. 
856 4 0 |u https://www.jstor.org/stable/10.2307/j.ctvdf0155  |z Connect to the full text of this electronic book  |t 0 
955 |a JSTOR Open Access ebooks 
994 |a 92  |b TXA 
999 f f |s 26e76c27-18ff-434a-a434-7a0d819c17ab  |i 70db82a9-093a-4ee2-b8e8-206ed3b2a9ea  |t 0 
952 f f |a Texas A&M University  |b College Station  |c Electronic Resources  |d Available Online  |t 0  |e HC290.5.P6   |h Library of Congress classification 
998 f f |a HC290.5.P6   |t 0  |l Available Online